Music Quiz

Random Music or Lyrics Quiz
Score 0/28 Timer 06:00
3 Plays Today
% Correct
Times
95.9%
T-shirts
94.9%
White
93.8%
More
92.8%
Swear
92.3%
Picture
91.5%
Die
91.4%
Down
91.3%
Need
91.2%
Life
90.6%
Try
90.2%
Out
88.8%
Sing
88.5%
Right
88.3%
% Correct
Known
87.9%
Everywhere
87.1%
Game
87%
Creeps
86.9%
Home
86.9%
Defeated
86.4%
Alone
85.5%
Rap
85.1%
Older
82.9%
Me
79.1%
Microphone
70.6%
Show
69.9%
Empty
66.6%
Wild
62.3%
Remove Ads.
Support Sporcle.
Get the best of Sporcle when you Go Orange. This ad-free experience offers more features, more stats, and more fun while also helping to support Sporcle. Thank you for becoming a member.

You're not logged in!

Compare scores with friends on all Sporcle quizzes.
OR
Log In

Show Comments

Extras

Top Quizzes Today


Score Distribution

Your Account Isn't Verified!

In order to create a playlist on Sporcle, you need to verify the email address you used during registration. Go to your Sporcle Settings to finish the process.

Report this User

Report this user for behavior that violates our Community Guidelines.

Details: